[Event "European Ind w 2012"]
[Site "Gaziantep TUR"]
[Date "2012.03.02"]
[Round "1"]
[White "Savina,A"]
[Black "Muzychuk,A"]
[Result "1/2-1/2"]
[WhiteElo "2325"]
[BlackElo "2583"]

1.d4 d5 2.c4 c6 3.Nc3 Nf6 4.e3 e6 5.Nf3 Nbd7 6.Qc2 Bd6 7.Bd3 dxc4 8.Bxc4 O-O
9.O-O a6 10.Rd1 Qc7 11.Ne4 Nxe4 12.Qxe4 e5 13.Qh4 h6 14.e4 exd4 15.Bxh6 Ne5
16.Nxe5 Bxe5 17.f4 b5 18.fxe5 bxc4 19.Bxg7 Kxg7 20.Qg5+ Kh7 21.Qh5+ Kg7 22.Qg5+ Kh7
23.Rf1 Rg8 24.Qh5+ Kg7 25.Rf6 Rh8 26.Qg5+ Kf8 27.Raf1 Ra7 28.Rxf7+ Qxf7 29.Qd8+ Kg7
30.Rxf7+ Rxf7 31.Qg5+ Kh7 32.Qh5+ Kg7 33.Qg5+ Kh7 34.Qh5+ Kg7 35.Qg5+  1/2-1/2

[Event "TCh-AUT 1st Bundesliga 2012"]
[Site "St. Veit AUT"]
[Date "2012.03.02"]
[Round "5.1"]
[White "Polak,T"]
[Black "Lenic,L"]
[Result "1/2-1/2"]
[WhiteElo "2535"]
[BlackElo "2637"]

1.d4 Nf6 2.c4 e6 3.Nf3 d5 4.Nc3 c6 5.e3 Nbd7 6.Qc2 Bd6 7.b3 O-O 8.Be2 b6
9.O-O Bb7 10.Bb2 Qe7 11.Rad1 Rad8 12.e4 Nxe4 13.Nxe4 dxe4 14.Qxe4 f5 15.Qh4 Qxh4
16.Nxh4 Nf6 17.Nf3 Rfe8 18.Ne5 c5 19.dxc5 Bxc5 20.Rxd8 Rxd8 21.Rd1 Rxd1+
22.Bxd1 Ne4 23.Nd3 Bd6 24.f3 Nc5 25.Ne5 a5 26.Bc2 Be7 27.Kf2 Kf8 28.Ke3 Ke8
29.Bd4 Kd8 30.Nf7+ Ke8 31.Ne5 Kd8 32.Nf7+ Ke8 33.Ne5  1/2-1/2

[Event "TCh-AUT 2 Mitte 2011-12"]
[Site "St. Veit AUT"]
[Date "2012.03.02"]
[Round "7"]
[White "Trauner,R"]
[Black "Hatzl,J"]
[Result "1/2-1/2"]
[WhiteElo "2195"]
[BlackElo "2103"]

1.d4 d5 2.c4 e6 3.Nf3 c6 4.e3 Nf6 5.Nc3 Nbd7 6.Bd3 dxc4 7.Bxc4 b5 8.Be2 Bb7
9.O-O a6 10.b3 c5 11.Bb2 Be7 12.Rc1 O-O 13.Qc2 cxd4 14.Nxd4 Rc8 15.Qb1 Qb6
16.Rfd1 Rfd8 17.Bf3 Bxf3 18.Nxf3 Qb7 19.Ne2 Rxc1 20.Rxc1 Rc8 21.Ned4 Nd5
22.h3 Rxc1+ 23.Qxc1 Qc7 24.Qc6 Qxc6 25.Nxc6 Bd6 26.Kf1 Nb4 27.Nxb4 Bxb4 28.Ke2 f6
29.Kd3 Kf7 30.Nd4 Bd6  1/2-1/2

[Event "PriFO Champ RUS 2012"]
[Site "Tolyatti RUS"]
[Date "2012.03.02"]
[Round "5.14"]
[White "Bukavshin,I"]
[Black "Gorozhanin,M"]
[Result "1-0"]
[WhiteElo "2517"]
[BlackElo "2252"]

1.c4 c6 2.Nf3 Nf6 3.Nc3 d5 4.e3 e6 5.d4 Nbd7 6.Bd3 dxc4 7.Bxc4 b5 8.Bd3 Bb7
9.O-O a6 10.e4 c5 11.d5 c4 12.Bc2 e5 13.Ne2 Bd6 14.Bg5 h6 15.Bd2 O-O 16.Ng3 Re8
17.Nf5 Bf8 18.N3h4 Kh7 19.Qf3 g6 20.Qh3 gxf5 21.Nxf5 Ng8 22.f4 a5 23.Qh5 Qb6+
24.Kh1 Qg6 25.Qh3 Ngf6 26.fxe5 Rxe5 27.Bc3 Rae8 28.Nh4 Qg8 29.Rf4 Bg7 30.Raf1 Bc8
31.Nf3 Nf8 32.g4 Bxg4 33.Rxg4 Nxg4 34.Qxg4 R5e7 35.e5+ Kh8 36.Rg1 Nd7 37.Qf4 Qf8
38.Qf5 Qg8 39.Rxg7 Kxg7 40.e6+ Kf8 41.exd7 Rd8 42.Ne5 b4 43.Bd4 Qg7 44.Bc5 Qg5
45.Qxf7+  1-0

[Event "28th Cappelle Open"]
[Site "Cappelle la Grande FRA"]
[Date "2012.03.03"]
[Round "1.46"]
[White "Valuet,B"]
[Black "Durarbayli,V"]
[Result "0-1"]
[WhiteElo "2318"]
[BlackElo "2543"]

1.d4 d5 2.c4 c6 3.Nc3 Nf6 4.e3 e6 5.Nf3 Nbd7 6.Qc2 b6 7.Bd2 Bb7 8.Be2 Be7
9.O-O O-O 10.Ne5 dxc4 11.Bxc4 c5 12.Rad1 cxd4 13.exd4 Qc7 14.Nb5 Qc8 15.Qb3 Nxe5
16.dxe5 Qc6 17.f3 Qc5+ 18.Be3 Qxe5 19.Rfe1 Bc5 20.Kh1 Bxe3 21.Rxe3 Qf4 22.Rd4 Qg5
23.Red3 Bd5 24.Nc3 Bxc4 25.Qxc4 Qc1+ 26.Rd1 Qxb2 27.Nb5 h6 28.R4d2 Qe5 29.Nd6 Nd5
30.Qc6 Rad8 31.Ne4 Rc8 32.Qa4 Rc7 33.Qa3 Rfc8  0-1

[Event "TCh-CAT 2012"]
[Site "Catalunya ESP"]
[Date "2012.03.03"]
[Round "6.7"]
[White "Serra Pages,J"]
[Black "Almeida Toledano,D"]
[Result "1/2-1/2"]
[WhiteElo "2256"]
[BlackElo "2347"]

1.Nf3 d5 2.d4 Nf6 3.c4 c6 4.Nc3 e6 5.e3 Nbd7 6.Qc2 Bd6 7.Bd2 O-O 8.h3 Re8
9.Rd1 Qe7 10.Be2 b6 11.O-O Bb7 12.e4 dxe4 13.Nxe4 Nxe4 14.Qxe4 Nf8 15.Bf4 Bxf4
16.Qxf4 Rad8 17.Rd2 Ng6 18.Qe3 e5 19.dxe5 Rxd2 20.Qxd2 c5 21.Rd1 Nxe5 22.Nxe5 Qxe5
23.Bf1 Bc8 24.Qe2 Kf8 25.Qxe5 Rxe5 26.Rd8+ Re8 27.Rxe8+ Kxe8 28.Bd3 Ke7 29.f4 h5
30.h4 Kf6 31.Kf2 Bf5 32.Be2 g6  1/2-1/2

[Event "TCh-CZE Extraliga 2011-12"]
[Site "Czech Republic CZE"]
[Date "2012.03.03"]
[Round "7.6"]
[White "Malik,J"]
[Black "Sosna,J"]
[Result "1/2-1/2"]
[WhiteElo "2352"]
[BlackElo "2398"]

1.d4 d5 2.c4 c6 3.Nf3 e6 4.e3 Nf6 5.Nc3 Nbd7 6.Qc2 Bd6 7.b3 O-O 8.Be2 dxc4
9.bxc4 e5 10.O-O Re8 11.Rd1 exd4 12.exd4 Nf8 13.Bg5 Ne6 14.Bxf6 Qxf6 15.Ne4 Qe7
16.Nxd6 Qxd6 17.c5 Qe7 18.Bc4 Qf6 19.Re1 Bd7 20.Qb3 Nf4 21.Ne5 Be6 22.Re3 Rad8
23.Rae1 Rxd4 24.Bxe6 Rxe6 25.Qxb7 g6 26.h3 h5 27.Nxf7 Qxf7 28.Qc8+ Kg7 29.Rxe6 Nxe6
30.Qxe6 Qxe6 31.Rxe6 Ra4 32.Rxc6 Rxa2 33.Rc8 a5 34.Ra8 a4 35.Kh2 Rc2 36.Rxa4 Rxc5
37.Ra6 Rc2 38.Kg3 Rc3+ 39.f3 Rc2 40.h4 Rb2 41.Kh3 Rc2 42.Rb6  1/2-1/2

[Event "TCh-CZE Extraliga 2011-12"]
[Site "Czech Republic CZE"]
[Date "2012.03.03"]
[Round "7.2"]
[White "Stocek,J"]
[Black "Krejci,Jan2"]
[Result "1/2-1/2"]
[WhiteElo "2600"]
[BlackElo "2489"]

1.d4 d5 2.c4 c6 3.Nf3 Nf6 4.Nc3 e6 5.e3 Nbd7 6.Bd3 dxc4 7.Bxc4 b5 8.Bd3 Bb7
9.O-O a6 10.a4 b4 11.Ne4 c5 12.Ned2 Be7 13.Re1 cxd4 14.exd4 Rc8 15.Nc4 Nd5
16.Bg5 N7b6 17.Na5 Qc7 18.Rc1 Qb8 19.Nxb7 Qxb7 20.Qe2 Rxc1 21.Bxc1 Nc7 22.Bf4 Nbd5
23.Bxc7 Nxc7 24.Be4 Qb6 25.a5 Qxa5 26.Bc6+ Kf8 27.Ne5 Bf6 28.Nc4 Qf5 29.d5 Nxd5
30.Nd6 Qf4 31.Nxf7 Kxf7 32.Qxe6+ Kg6 33.Bxd5 Rd8 34.g3 Qg5 35.Be4+ Kh6 36.Bf3 g6
37.Qxa6 Bxb2 38.Re4 Rd4 39.Re8 Rd8 40.Re4 Rd4 41.Re8 Rd8 42.Qb6  1/2-1/2

[Event "TCh-CZE Extraliga 2011-12"]
[Site "Czech Republic CZE"]
[Date "2012.03.03"]
[Round "7.1"]
[White "Miton,K"]
[Black "Korobov,A"]
[Result "0-1"]
[WhiteElo "2628"]
[BlackElo "2671"]

1.d4 d5 2.c4 c6 3.e3 Nf6 4.Nc3 e6 5.Nf3 Nbd7 6.Qc2 Bd6 7.b3 O-O 8.Be2 b6
9.O-O Bb7 10.Bb2 Re8 11.Rad1 Qe7 12.Rfe1 c5 13.cxd5 exd5 14.Nb5 Bb8 15.Nc3 a6
16.Bf1 Bd6 17.dxc5 bxc5 18.g3 Rac8 19.Bg2 c4 20.bxc4 Rxc4 21.Rd4 Rc7 22.Qb1 Rec8
23.Ne2 Ne4 24.Rc1 Ndf6 25.Bh3 Re8 26.Rxc7 Bxc7 27.Rd3 Bc6 28.Ba3 Qd8 29.Nfd4 Bd7
30.Bg2 h5 31.Qb7 Bc8 32.Qb3 h4 33.Qc2 a5 34.f3 hxg3 35.hxg3 Nxg3 36.Nxg3 Bxg3
37.Rc3 Bd7 38.Qb3 Nh5 39.Qxd5 Nf4 40.exf4 Re1+ 41.Bf1 Rxf1+  0-1

[Event "2nd HD Bank Cup 2012"]
[Site "Ho Chi Minh City VIE"]
[Date "2012.03.03"]
[Round "3.1"]
[White "Le Quang Liem"]
[Black "Diu,V"]
[Result "1/2-1/2"]
[WhiteElo "2698"]
[BlackElo "2486"]

1.d4 Nf6 2.c4 e6 3.Nf3 d5 4.Nc3 c6 5.e3 Nbd7 6.Qc2 b6 7.cxd5 exd5 8.Bd3 Bb7
9.O-O Be7 10.e4 dxe4 11.Nxe4 O-O 12.Ne5 c5 13.Ng5 g6 14.Bc4 Bd5 15.Rd1 Rc8
16.Bxd5 Nxd5 17.Qe4 Bxg5 18.Bxg5 Qxg5 19.Nxd7 Rfd8 20.h4 Qf5 21.Qxf5 gxf5
22.Ne5 c4 23.Kf1 f6 24.Nf3 Kf7 25.a4 a6 26.Rdc1 Rc7 27.Ra3 Rdc8 28.g3 c3
29.Rc2 cxb2 30.Rxb2 Rc3 31.Rxc3 Rxc3 32.Nd2 h5 33.Kg2 f4 34.Ne4 f3+ 35.Kh2 Ra3
36.Nd6+ Ke6 37.Nc4 Rxa4 38.Nxb6 Rb4 39.Rxb4 Nxb4 40.g4 hxg4 41.h5 f5 42.d5+ Kf6
43.d6 Kg5 44.Nd5 Nc6 45.Ne7 Ne5 46.h6 Kxh6 47.Nxf5+ Kg5 48.Nd4 a5 49.Ne6+ Kf5
50.Nc5 Kf4 51.Kg1 Nc6 52.d7 Ke5 53.Nb7 a4 54.Na5 Nd8 55.Nc4+ Kd4 56.Na3 Ke4
57.Kh2 Kf4 58.Kg1 Nc6 59.Nc4 Kf5 60.Kh2 Kf4 61.Kg1 Kf5 62.Kh2 Ke6 63.Kg3 Kxd7
64.Kxg4 Ke6 65.Kf4 Nd4 66.Ke4 Nc6 67.Kf4 Kf6 68.Ke4 Kg5 69.Kd5 Nb4+ 70.Ke4 Nc6
71.Kd5 Nb8 72.Kc5 Nd7+ 73.Kb4 Kf4 74.Kxa4 Nc5+ 75.Ka3 Ne4 76.Kb3 Nxf2 77.Nd2  1/2-1/2

[Event "TCh-AUT 1st Bundesliga 2012"]
[Site "St. Veit AUT"]
[Date "2012.03.03"]
[Round "6.6"]
[White "Baldauf,Marc"]
[Black "Schachinger,M"]
[Result "1/2-1/2"]
[WhiteElo "2374"]
[BlackElo "2391"]

1.d4 d5 2.c4 c6 3.Nc3 Nf6 4.e3 e6 5.Nf3 Nbd7 6.Qc2 b6 7.Bd3 Bb7 8.O-O Be7
9.b3 h6 10.Bb2 O-O 11.Rad1 Qc7 12.Qe2 Rad8 13.Bb1 c5 14.cxd5 exd5 15.Rc1 Rfe8
16.dxc5 bxc5 17.Rfd1 Qb6 18.Qc2 Qe6 19.Qf5 Qxf5 20.Bxf5 g6 21.Bxd7 Rxd7 22.Na4 Ne4
23.Nd2 Nxd2 24.Rxd2 d4 25.Rcd1 Bc6 26.exd4 Bxa4 27.bxa4 Bg5 28.Rd3 cxd4 29.Kf1 Bf6
30.Rc1 Rb8 31.Rb3 Rxb3 32.axb3 Rb7 33.Rd1 Rxb3 34.Bxd4 Bxd4 35.Rxd4 Ra3  1/2-1/2

[Event "TCh-BEL 2011-12"]
[Site "Belgium BEL"]
[Date "2012.03.04"]
[Round "9.2"]
[White "Hammes,M"]
[Black "Van der Stricht,G"]
[Result "1/2-1/2"]
[WhiteElo "2393"]
[BlackElo "2365"]

1.d4 d5 2.c4 c6 3.e3 Nf6 4.Nc3 e6 5.Nf3 Nbd7 6.Qc2 Bd6 7.b3 O-O 8.Be2 e5
9.cxd5 cxd5 10.Nb5 Bb4+ 11.Bd2 Bxd2+ 12.Nxd2 a6 13.dxe5 Nxe5 14.Nd4 Bd7 15.O-O Rc8
16.Qb2 Qe7 17.Rac1 h5 18.h3 g6 19.N4f3 Nc6 20.Rfd1 Rfd8 21.Nb1 Be6 22.Nc3 Ne4
23.Na4 Rd6 24.Nc5 Rcd8 25.b4 Bc8 26.a4 a5 27.bxa5 Nxa5 28.Nd3 Nc4 29.Qd4 Bd7
30.Ra1 Qe8 31.a5 Ba4 32.Rdb1 Bb5 33.Nf4 Ba6 34.Bf1 Qe7 35.Rd1  1/2-1/2

[Event "28th Cappelle Open"]
[Site "Cappelle la Grande FRA"]
[Date "2012.03.04"]
[Round "2.54"]
[White "Lysyj,I"]
[Black "Gasik,An"]
[Result "1-0"]
[WhiteElo "2656"]
[BlackElo "2211"]

1.d4 d5 2.c4 c6 3.Nf3 Nf6 4.e3 e6 5.Nc3 Nbd7 6.Qc2 Be7 7.Bd3 O-O 8.O-O b6
9.b3 Bb7 10.Bb2 c5 11.cxd5 exd5 12.Rac1 Rc8 13.Qb1 Re8 14.Bf5 g6 15.Bh3 Ne4
16.dxc5 bxc5 17.Nxe4 dxe4 18.Rfd1 f5 19.Ne5 Rc7 20.Qc2 Ba6 21.Nxd7 Rxd7 22.Rxd7 Qxd7
23.Qc3 Kf7 24.Qg7+  1-0

[Event "28th Cappelle Open"]
[Site "Cappelle la Grande FRA"]
[Date "2012.03.04"]
[Round "2.46"]
[White "Simantsev,M"]
[Black "Vul,A"]
[Result "1/2-1/2"]
[WhiteElo "2548"]
[BlackElo "2318"]

1.d4 d5 2.c4 e6 3.Nc3 c6 4.e3 Nf6 5.Nf3 Nbd7 6.Qc2 Bd6 7.Be2 O-O 8.O-O dxc4
9.Bxc4 e5 10.h3 Qc7 11.Bb3 h6 12.Bd2 Re8 13.dxe5 Nxe5 14.Nd4 c5 15.Ndb5 Qe7
16.f4 Nc6 17.Nd5 Nxd5 18.Bxd5 Nb4 19.Bxb4 cxb4 20.Nxd6 Qxd6 21.e4 Be6 22.Rad1 Bxd5
23.Rxd5 Qe6 24.Rd4 Qxa2 25.Rxb4 Rac8 26.Qe2 b6 27.e5 Qd5 28.Re4 Qc5+ 29.Rf2 Red8
30.f5 Rd4 31.e6 Rxe4 32.Qxe4 Re8 33.b4 Qd6 34.Re2 fxe6 35.fxe6 Re7 36.h4 a5
37.bxa5 bxa5 38.Qa8+ Kh7 39.Qe4+ Kg8 40.Qa8+ Kh7 41.Qxa5 Qd1+ 42.Kf2 Qd4+
43.Kf3 Qf6+ 44.Kg4 Qd4+ 45.Kg3 Qd3+ 46.Kf2 Qd4+ 47.Kf3  1/2-1/2

[Event "TCh-CZE Extraliga 2011-12"]
[Site "Czech Republic CZE"]
[Date "2012.03.04"]
[Round "8.6"]
[White "Michenka,J"]
[Black "Malik,J"]
[Result "1-0"]
[WhiteElo "2346"]
[BlackElo "2352"]

1.d4 d5 2.c4 c6 3.Nc3 Nf6 4.e3 e6 5.Nf3 Nbd7 6.Qc2 Bd6 7.g4 dxc4 8.Bxc4 e5
9.g5 Nd5 10.Ne4 Bc7 11.Bd2 O-O 12.O-O-O exd4 13.Nxd4 Ne5 14.Be2 Ba5 15.Rhg1 Bxd2+
16.Qxd2 Qe7 17.Ng3 Rd8 18.Ndf5 Bxf5 19.Nxf5 Qb4 20.a3 Qf8 21.Qd4 Ng6 22.Qe4 b5
23.h4 Nc3 24.Rxd8 Rxd8 25.Qc2 Nxe2+ 26.Qxe2 Ne5 27.Rd1 Rb8 28.Qd2 Nf3 29.Qc3 c5
30.e4 Nd4 31.Nxd4 cxd4 32.Qxd4 b4 33.axb4 g6 34.Qf6 Qxb4 35.Rd8+ Rxd8 36.Qxd8+ Kg7
37.Qf6+ Kg8 38.Qd8+ Kg7 39.Qf6+ Kg8 40.Qf3 Qc4+ 41.Kb1 Qf1+ 42.Ka2 Qc4+ 43.b3 Qc2+
44.Ka3 Qc1+ 45.Kb4 Qd2+ 46.Kb5 Qd7+ 47.Ka6 Qd4 48.Qe3 Qa1+ 49.Kb7 a5 50.e5 Qa3
51.e6 Qe7+ 52.Ka6 Qd6+ 53.Kxa5 Qd5+ 54.Kb4 fxe6 55.Qf4 Qb7+ 56.Kc3 Qc6+ 57.Kb2 Qb5
58.Qe4 Qb6 59.f3 Kf7 60.b4 Qd6 61.Kc3 e5 62.Qc4+ Kg7 63.Qc5 Qe6 64.b5 Qf5
65.Qe7+ Kg8 66.Qd8+  1-0

[Event "2nd HD Bank Cup 2012"]
[Site "Ho Chi Minh City VIE"]
[Date "2012.03.04"]
[Round "5.5"]
[White "Nguyen Duc Hoa"]
[Black "Gopal,G"]
[Result "1-0"]
[WhiteElo "2453"]
[BlackElo "2572"]

1.d4 d5 2.c4 c6 3.Nf3 Nf6 4.e3 e6 5.Nc3 Nbd7 6.Qc2 Bd6 7.g4 Bb4 8.Bd2 Qe7
9.Rg1 Bxc3 10.Bxc3 Ne4 11.Bd3 Nxc3 12.Qxc3 dxc4 13.Bxc4 O-O 14.O-O-O b6 15.Ne5 Bb7
16.f4 c5 17.Nxd7 Qxd7 18.dxc5 Qe7 19.cxb6 axb6 20.Kb1 Rfc8 21.Qd4 Ra4 22.b3 Raa8
23.Qxb6 Be4+ 24.Ka1 Rcb8 25.Qd6 Qh4 26.g5 h5 27.gxh6 Qxh6 28.Qe5 Bg6 29.Rd2 Qh4
30.f5 exf5 31.Bxf7+ Kxf7 32.Rd7+ Kf8 33.Qxg7+ Ke8 34.Rgd1 Qg5 35.Qg8+  1-0

[Event "2nd HD Bank Cup 2012"]
[Site "Ho Chi Minh City VIE"]
[Date "2012.03.04"]
[Round "5.30"]
[White "Ikeda,J"]
[Black "Tran Ngoc Lan"]
[Result "1/2-1/2"]
[WhiteElo "2373"]
[BlackElo "2201"]

1.d4 d5 2.c4 c6 3.Nf3 Nf6 4.Nc3 e6 5.e3 Nbd7 6.Qc2 a6 7.b3 b5 8.Bd3 Bb7 9.O-O dxc4
10.bxc4 bxc4 11.Bxc4 c5 12.Rd1 Bxf3 13.gxf3 cxd4 14.Rxd4 Bc5 15.Rd1 O-O 16.Bf1 Qa5
17.Ne4 Nxe4 18.Qxe4 Nf6 19.Bd2 Qc7 20.Qc4 Qe5 21.f4 Qh5 22.Qe2 Qh4 23.Qf3 a5
24.Bc3 Nd5 25.Be5 a4 26.Rac1 Be7 27.Bc4 Nf6 28.Qg3 Ng4 29.Bd4 a3 30.f3 Qxg3+
31.hxg3 Nf6 32.g4 Rfd8 33.Kf1 h5 34.gxh5 Nxh5  1/2-1/2

[Event "TCh-AUT 1st Bundesliga 2012"]
[Site "St. Veit AUT"]
[Date "2012.03.04"]
[Round "7.5"]
[White "Abel,D"]
[Black "Halvax,G"]
[Result "1-0"]
[WhiteElo "2427"]
[BlackElo "2277"]

1.c4 e6 2.Nc3 d5 3.d4 c6 4.e3 Nf6 5.Nf3 Nbd7 6.Qc2 Bd6 7.Bd3 dxc4 8.Bxc4 O-O
9.O-O a6 10.Rd1 b5 11.Be2 Qc7 12.Ne4 Nxe4 13.Qxe4 Bb7 14.Bd3 g6 15.Qh4 c5
16.Ng5 h5 17.g4 Nf6 18.gxh5 Nxh5 19.Be2 Nf6 20.dxc5 Qxc5 21.Bd2 b4 22.Rac1 Qf5
23.Be1 Bxh2+ 24.Kf1 Kg7 25.Bd3 Qe5 26.f4 Qxe3 27.Qxh2 Rh8 28.Bf2 Qxd3+ 29.Rxd3 Rxh2
30.Rc7 Be4 31.Rd4 Ne8 32.Rxf7+ Kg8 33.Rxe4 Nd6 34.Rxe6 Nxf7 35.Rxg6+ Kf8
36.Bc5+  1-0

[Event "28th Cappelle Open"]
[Site "Cappelle la Grande FRA"]
[Date "2012.03.05"]
[Round "3.27"]
[White "Maiorov,N1"]
[Black "Abdalla,L"]
[Result "1-0"]
[WhiteElo "2552"]
[BlackElo "2277"]

1.d4 d5 2.c4 e6 3.Nc3 c6 4.e3 Nf6 5.Nf3 Nbd7 6.Qc2 Bd6 7.Bd3 dxc4 8.Bxc4 b5
9.Bd3 Bb7 10.a3 O-O 11.O-O Qc7 12.b4 a5 13.Rb1 e5 14.h3 axb4 15.axb4 h6 16.Bd2 Rfe8
17.Rfc1 Qd8 18.Ne4 Nxe4 19.Bxe4 Qe7 20.Bxc6 Rec8 21.d5 Nb6 22.Qe4 Bxc6 23.dxc6 Nc4
24.Rxc4 bxc4 25.Qxc4 Qc7 26.b5 Rab8 27.e4 Qb6 28.Kh2 Qxf2 29.Qd3 Bf8 30.Nxe5 Qa7
31.Nd7 Qc7+ 32.e5 Ra8 33.Qd5 Be7 34.Rf1  1-0

[Event "28th Cappelle Open"]
[Site "Cappelle la Grande FRA"]
[Date "2012.03.05"]
[Round "4.26"]
[White "Moranda,W"]
[Black "Nikcevic,N"]
[Result "0-1"]
[WhiteElo "2569"]
[BlackElo "2419"]

1.d4 Nf6 2.c4 e6 3.Nf3 d5 4.Nc3 c6 5.e3 a6 6.Qc2 c5 7.cxd5 exd5 8.Be2 Nc6
9.Ne5 Bd7 10.Nxd7 Qxd7 11.dxc5 Bxc5 12.O-O Ba7 13.Rd1 O-O-O 14.e4 d4 15.Nd5 Nxe4
16.Qxe4 Rhe8 17.Qc2 Qxd5 18.Bf4 Re4 19.Bf3 f5 20.Bxe4 fxe4 21.Rac1 Qf5 22.Bg3 Bb8
23.Qc5 Rd5 24.Qe7 Bxg3 25.hxg3 d3 26.Rc4 Re5 27.Qxg7 Kb8 28.Qh6 Ka8 29.Qe3 Re6
30.Re1 Qd5 31.Rxe4 Rxe4 32.Qxe4 Qxe4 33.Rxe4 d2  0-1

[Event "European Ind w 2012"]
[Site "Gaziantep TUR"]
[Date "2012.03.05"]
[Round "4"]
[White "Manakova,M"]
[Black "Ushenina,A"]
[Result "1/2-1/2"]
[WhiteElo "2315"]
[BlackElo "2458"]

1.d4 d5 2.Nf3 Nf6 3.c4 c6 4.Nc3 e6 5.e3 Nbd7 6.Qc2 b6 7.cxd5 exd5 8.Bd3 Bb7
9.O-O Be7 10.Nh4 g6 11.Nf3 O-O 12.b3 Re8 13.Bb2 Bf8 14.Rfd1 Rc8 15.Rac1 Qe7
16.Re1 Bh6 17.Nd2 Bg7 18.Qd1 Nf8 19.a3 c5 20.dxc5 bxc5 21.Na4 Ne6 22.Qe2 Qd6
23.Bb5 Re7 24.Qf3 d4 25.Qg3 Qd8 26.Nf3 Nh5 27.Qh3 dxe3 28.fxe3 Qa5 29.Bc4 Bxb2
30.Nxb2 Qxa3 31.Nd3 Qa5 32.Nde5 Bxf3 33.Qxf3 Qb6 34.Rf1 Rf8 35.Rcd1 Ng5 36.Qd5 Nf6
37.Rxf6 Qxf6 38.Ng4 Nh3+ 39.gxh3 Qh4 40.Qxc5 h5 41.Nf2 Rfe8 42.Rd4 Qf6 43.Rf4 Qa1+
44.Kg2 Kg7 45.Qd4+ Qxd4 46.exd4 f5 47.d5 Kf6 48.h4 a5 49.Bb5 Rb8 50.d6 Reb7
51.Ba4 Ke5 52.Rc4 Kxd6 53.Rc6+ Ke7 54.Rxg6 Rb4 55.Kg3 Rc8 56.Ra6 Rc3+ 57.Kg2 Rc2
58.Kf3 Rc3+ 59.Ke2 Rc2+ 60.Ke3 Rxh4 61.h3 Rc5 62.Rc6 Rxc6 63.Bxc6 Rb4 64.Ba4 Kf6
65.Nd3 Rh4 66.Nf2 Kg5 67.Bd7  1/2-1/2

[Event "FSIM March 2012"]
[Site "Budapest HUN"]
[Date "2012.03.06"]
[Round "4"]
[White "Kantor,G"]
[Black "Volodin,V"]
[Result "1-0"]
[WhiteElo "2316"]
[BlackElo "2208"]

1.d4 d5 2.c4 c6 3.Nf3 Nf6 4.e3 e6 5.Nc3 Nbd7 6.Qc2 Bd6 7.Bd3 O-O 8.O-O Qe7
9.c5 Bc7 10.e4 e5 11.exd5 cxd5 12.Bg5 e4 13.Nxd5 Nxd5 14.Bxe7 exd3 15.Qc4 Nxe7
16.d5 Ne5 17.Nxe5 Bxe5 18.Rad1  1-0

[Event "28th Cappelle Open"]
[Site "Cappelle la Grande FRA"]
[Date "2012.03.06"]
[Round "5.28"]
[White "Kvetny,M"]
[Black "Durarbayli,V"]
[Result "1/2-1/2"]
[WhiteElo "2155"]
[BlackElo "2543"]

1.d4 d5 2.c4 c6 3.Nc3 Nf6 4.e3 e6 5.Nf3 Nbd7 6.Bd3 dxc4 7.Bxc4 b5 8.Be2 a6
9.O-O Bb7 10.e4 b4 11.e5 bxc3 12.exf6 Nxf6 13.bxc3 c5 14.Ne5 Bd6 15.Qa4+ Kf8
16.Bg5 Qc7 17.Bf3 Bxf3 18.Nxf3 Ne4 19.dxc5 Nxc5 20.Qc4 h6 21.Be3 Nd7 22.Qxc7 Bxc7
23.Rab1 Rb8 24.Rxb8+ Bxb8 25.c4 Ke7 26.Rc1 Rc8 27.Kf1 Bd6 28.Ke2 e5 29.c5 Bb8
30.Nd2 f5 31.f3 Nf6 32.Rb1 Nd5 33.Rb7+ Bc7 34.Nc4 Rb8 35.Ra7 Kd8 36.Rxa6 Rb4
37.Ra8+ Ke7 38.Nb6 Bxb6 39.cxb6 Nxe3 40.Kxe3 Rxb6 41.g3 Rb2 42.Ra7+ Kf6 43.Ra6+ Kf7
44.Ra7+ Kg6 45.Ra6+ Kh5 46.Ra5 Rxh2 47.Rxe5 Kg5 48.a4 Ra2 49.Ra5 g6 50.Ra6 Rg2
51.f4+ Kh5 52.Kf3 Ra2 53.a5 g5 54.fxg5 hxg5 55.g4+ fxg4+ 56.Kg3 Ra3+ 57.Kg2 g3
58.Kh3 g2+ 59.Kxg2 Kg4 60.Rc6 Ra2+ 61.Kg1 Rxa5 62.Rc3 Ra2 63.Rb3 Re2 64.Rb4+ Kf3
65.Rb3+ Kg4 66.Rb4+ Kg3 67.Rb3+ Kh4 68.Ra3 Re4 69.Rb3 Rf4 70.Ra3 Kg4 71.Kg2 Re4
72.Rb3 Kf4 73.Ra3 Re2+ 74.Kg1 Re3 75.Rxe3 Kxe3 76.Kg2 Ke4 77.Kg3 Kf5  1/2-1/2

[Event "2nd HD Bank Cup 2012"]
[Site "Ho Chi Minh City VIE"]
[Date "2012.03.06"]
[Round "8.20"]
[White "Tran Tuan Minh"]
[Black "Tran Quoc Dung"]
[Result "1-0"]
[WhiteElo "2249"]
[BlackElo "2296"]

1.d4 d5 2.c4 c6 3.Nc3 Nf6 4.e3 e6 5.Nf3 Be7 6.Bd3 O-O 7.O-O a6 8.b3 Nbd7
9.Bb2 b5 10.Qe2 Re8 11.Rad1 Qc7 12.Bb1 Bf8 13.Ne5 g6 14.f4 Bg7 15.Rc1 Qb7
16.Rf2 Nf8 17.Qf3 Bd7 18.c5 Re7 19.g4 Be8 20.Ne2 N6d7 21.g5 f6 22.gxf6 Nxf6
23.Kh1 N8d7 24.Ng3 Bf7 25.Rcf1 Rf8 26.Qe2 Be8 27.h4 Nxe5 28.fxe5 Nd7 29.Qg4 Rxf2
30.Rxf2 Nf8 31.Rg2 Bh6 32.Bc1 Rg7 33.Bd3 Qc7 34.Bd2 a5 35.a3 b4 36.a4 Qe7
37.Kg1 Bd7 38.Kf1 Be8 39.Ke1 Bd7 40.Kd1 Be8 41.Kc2 Bd7 42.Nf1 Be8 43.e4 Bxd2
44.Kxd2 Bd7 45.Ne3 Be8 46.Qg3 dxe4 47.Bxe4 Qd8 48.Nc2 Nd7 49.Ke3 Nf8 50.Ne1 Qe7
51.Nf3 Qd8 52.Qg4 Qc7 53.Nd2 Qd8 54.Nc4 h6 55.Nd6 g5 56.h5 Bd7 57.Rf2 Nh7
58.Bg6 Nf8 59.Nf7 Qe7 60.Nxh6+ Kh8 61.Rf6 Be8 62.Qxg5 Bxg6 63.hxg6 Rxg6 64.Rxg6  1-0

[Event "2nd HD Bank Cup 2012"]
[Site "Ho Chi Minh City VIE"]
[Date "2012.03.06"]
[Round "8.22"]
[White "Nguyen,Minh Tuan"]
[Black "Nguyen Hoang Nam1"]
[Result "0-1"]
[WhiteElo "2126"]
[BlackElo "2361"]

1.d4 Nf6 2.c4 c6 3.Nf3 d5 4.Nc3 e6 5.e3 Nbd7 6.Bd3 dxc4 7.Bxc4 b5 8.Bd3 Bb7
9.a3 Bd6 10.O-O O-O 11.e4 e5 12.Bg5 Re8 13.d5 cxd5 14.exd5 h6 15.Bxf6 Nxf6
16.Bxb5 Re7 17.Bc6 Bxc6 18.dxc6 Rb8 19.Nd5 Nxd5 20.Qxd5 Qc7 21.Nd2 e4 22.Nxe4 Bxh2+
23.Kh1 Re5 24.Qd6 Rh5 25.Qxc7 Bxc7+ 26.Kg1 Rxb2 27.Rfb1 Rhb5 28.Rxb2 Rxb2
29.Rc1 Kf8 30.Nc5 Re2 31.Kf1 Re7 32.Rb1 Ke8 33.Na6 Bb6 34.a4 f5 35.Rb5 g6
36.Rd5 Kf7 37.a5 Bc7 38.Nxc7 Rxc7 39.Rd6 a6 40.Ke2 Re7+ 41.Kd3 Re6 42.Rd7+ Ke8
43.Rh7 Rxc6 44.Rxh6 Kf7 45.Rh7+ Kf6 46.Rb7 Ke5 47.f4+ Kxf4 48.Rb6 Rc5 49.Rxa6 g5
50.Ra8 Kg3 51.a6 Ra5 52.a7 g4 53.Ke3 Ra3+ 54.Kd4 Kxg2 55.Ke5 Ra5+ 56.Kf4 g3
57.Rg8 Ra4+ 58.Kxf5 Rxa7 59.Ke4 Rf7 60.Ke3 Kh2 61.Ke2 g2 62.Rh8+ Kg1 63.Rg8 Re7+
64.Kd2 Re5 65.Kd3 Kf2 66.Rf8+ Kg3 67.Rg8+ Kf3 68.Kd2 Re4  0-1

[Event "28th Cappelle Open"]
[Site "Cappelle la Grande FRA"]
[Date "2012.03.07"]
[Round "6.32"]
[White "Zherebukh,Y"]
[Black "Vul,A"]
[Result "1-0"]
[WhiteElo "2642"]
[BlackElo "2318"]

1.d4 d5 2.c4 e6 3.Nc3 c6 4.e3 Nf6 5.Nf3 Nbd7 6.Qc2 Bd6 7.b3 O-O 8.Be2 dxc4
9.bxc4 e5 10.O-O Re8 11.Rd1 Qe7 12.Rb1 exd4 13.exd4 Nf8 14.h3 Ng6 15.Bf1 Qc7
16.Bg5 Nh5 17.c5 Bf8 18.Bc4 Nhf4 19.Re1 Rxe1+ 20.Rxe1 Be6 21.Bxf4 Nxf4 22.Ng5 g6
23.Bxe6 Nxe6 24.Nxe6 fxe6 25.Ne4 Qa5 26.Rb1 Bg7 27.Qb3 Re8 28.Ng5 Qb5 29.Qc2 Qa6
30.Re1 Qa5 31.Re4 Bxd4 32.Nxe6 Bf6 33.Qb3 Qb5 34.Nc7+ Qxb3 35.Rxe8+  1-0

[Event "28th Cappelle Open"]
[Site "Cappelle la Grande FRA"]
[Date "2012.03.07"]
[Round "6.38"]
[White "Moranda,W"]
[Black "Papp,Petra"]
[Result "1-0"]
[WhiteElo "2569"]
[BlackElo "2296"]

1.d4 d5 2.c4 c6 3.Nc3 Nf6 4.e3 e6 5.Nf3 Nbd7 6.Qc2 Bd6 7.Bd3 O-O 8.O-O dxc4
9.Bxc4 b5 10.Bd3 Bb7 11.a3 a5 12.e4 e5 13.dxe5 Nxe5 14.Nxe5 Bxe5 15.h3 b4
16.axb4 axb4 17.Rxa8 Qxa8 18.Ne2 c5 19.f3 Qa5 20.f4 Bd4+ 21.Nxd4 cxd4 22.e5 Rc8
23.Qe2 Re8 24.Bd2 Qd5 25.Bxb4 Ne4 26.Re1 Qb3 27.Bxe4 Bxe4 28.Qb5 Rc8 29.Rxe4 g6
30.Kh2 Qxb2 31.Qd7  1-0

[Event "83rd ch-GER 2012"]
[Site "Osterburg GER"]
[Date "2012.03.07"]
[Round "6"]
[White "Degtiarev,E"]
[Black "Andre,G"]
[Result "1-0"]
[WhiteElo "2342"]
[BlackElo "2384"]

1.d4 d5 2.Nf3 Nf6 3.c4 e6 4.Nc3 c6 5.e3 Nbd7 6.Ne5 dxc4 7.f4 b5 8.Nxc6 Qb6
9.Ne5 Bb7 10.a4 a6 11.axb5 axb5 12.Rxa8+ Bxa8 13.Bd2 Bb4 14.Be2 Bxc3 15.Bxc3 Bxg2
16.Nxd7 Kxd7 17.Rg1 Nd5 18.Bd2 Be4 19.Rxg7 Bg6 20.e4 Qxd4 21.exd5 Qxg7 22.dxe6+ Kxe6
23.Bc3 Qf8 24.Qd4 Rg8 25.Qf6+ Kd7 26.Bg4+ Kc7 27.Be5+ Kb7 28.Bf3+ Ka7 29.Bd4+ Kb8
30.Qb6+ Kc8 31.Qb7+ Kd8 32.Bb6+ Ke8 33.Bc6+  1-0

[Event "Reykjavik Open"]
[Site "Reykjavik ISL"]
[Date "2012.03.07"]
[Round "2.97"]
[White "Traustason,I"]
[Black "Gunnlaugsson,G"]
[Result "1-0"]
[WhiteElo "1824"]
[BlackElo "1875"]

1.d4 d5 2.c4 c6 3.Nc3 Nf6 4.e3 e6 5.Nf3 Be7 6.Bd3 dxc4 7.Bxc4 b5 8.Bd3 Bb7
9.O-O Nbd7 10.Qe2 a6 11.e4 c5 12.d5 exd5 13.e5 Nxe5 14.Nxe5 O-O 15.Ng4 d4
16.Nxf6+ Bxf6 17.Ne4 c4 18.Nxf6+ Qxf6 19.Be4 Rfe8 20.f3 Rad8 21.Qf2 Bxe4
22.fxe4 Qxf2+ 23.Rxf2 Rxe4 24.Bd2 f6 25.Re1 Rxe1+ 26.Bxe1 Kf7 27.Kf1 d3 28.Bc3 a5
29.a3 a4 30.Ke1 Ke6 31.Rf3 Rd7 32.g4 Rd5 33.h4 h5 34.gxh5 Rxh5 35.Rf4 Rf5
36.Rf2 Rh5 37.Rf4 Rf5 38.Re4+ Kf7 39.Kd1 g5 40.hxg5 fxg5 41.Re5 Rxe5 42.Bxe5 Ke6
43.Bc3 Kf5 44.Ke1 Kg4 45.Kf2 Kh3 46.Bd2 g4 47.Bc3 g3+ 48.Kg1 g2 49.Be1 d2
50.Bxd2 Kg3 51.Be3  1-0